[Event "UKR-ch Men Final 2018"]
[Site "Kiev"]
[Date "2018.12.17"]
[Round "6"]
[White "Kuzubov, Yuriy"]
[Black "Moiseenko, Alexander"]
[Result "1-0"]
[WhiteElo "2655"]
[BlackElo "2640"]
[Annotator "RC"]
[PlyCount "77"]
[EventDate "2018.12.11"]
[EventType "tourn"]
[EventCountry "UKR"]
[SourceTitle "playchess.com"]
[Source "ChessBase"]
[SourceQuality "1"]
[TimeControl "40/5400+30:1800+30"]

1. d4 {[%emt 0:00:00]} Nf6 {[%emt 0:00:00]} 2. c4 {[%emt 0:00:00]} e6 {[%emt 0:00:00]} 3. Nf3 {[%emt 0:00:00]} d5 {[%emt 0:00:01]} 4. g3 {[%emt 0:00:58]} dxc4 {[%emt 0:00:31]} 5. Bg2 {[%emt 0:00:07]} Bb4+ {[%emt 0:00:05]} 6. Bd2 {[%emt 0:00:35]} c5 {[%emt 0:00:08]} 7. O-O {[%emt 0:06:52]} O-O {[%emt 0:00:31]} 8. dxc5 {[%emt 0:03:54]} Bxc5 {[%emt 0:00:47]} 9. Qc2 {[%emt 0:02:29]} Nbd7 {[%emt 0:04:24]} 10. Qxc4 {[%emt 0:01:35]} b5 {[%emt 0:01:04]} 11. Qxb5 {[%emt 0:22:13]} Rb8 {[%emt 0:01:50]} 12. Qc4 {[%emt 0:29:47]} Rxb2 {[%emt 0:00:34]} 13. Qc1 {[%emt 0:01:07]} Rb6 {[%emt 0:38:59]} 14. Nc3 {[%emt 0:04:58]} Ba6 {[%emt 0:05:39]} 15. Na4 {[%emt 0:08:02]} Rb5 16. Rd1 Qe7 {[%emt 0:10:37]} 17. Nxc5 {[%emt 0:04:57]} Qxc5 18. Qxc5 Nxc5 {[%emt 0:03:50]} 19. Nd4 {[%emt 0:02:11]} Rb2 {[%emt 0:02:26]} 20. Bc1 {[%emt 0:01:02]} Rb6 {[%emt 0:01:01]} 21. Ba3 {[%emt 0:00:27]} Rc8 {[%emt 0:00:18]} 22. Nc6 {[%emt 0:01:02]} Rbxc6 {[%emt 0:03:20]} 23. Bxc6 {[%emt 0:00:05]} h5 {[%emt 0:02:30]} 24. Bf3 {[%emt 0:01:02]} Nce4 {[%emt 0:00:25]} 25. Rdc1 {[%emt 0:01:33]} Rd8 {[%emt 0:00:39]} 26. Rc2 {[%emt 0:02:43]} Nd2 {[%emt 0:02:52]} 27. Be7 {[%emt 0:00:44]} Nxf3+ {[%emt 0:00:09]} 28. exf3 {[%emt 0:00:05]} Rd3 {[%emt 0:00:32]} 29. Bxf6 {[%emt 0:00:09]} gxf6 {[%emt 0:00:02]} 30. Rc7 {[%emt 0:00:27]} Rxf3 {[%emt 0:00:45]} 31. a4 {[%emt 0:00:06]} Rd3 {[%emt 0:01:22]} 32. Rxa7 {[%emt 0:00:29]} Rd6 {[%emt 0:00:04]} 33. a5 {[%emt 0:00:59]} Kg7 {[%emt 0:00:37]} 34. Ra8 {[%emt 0:00:37]} h4 {[%emt 0:01:16]} 35. Rb8 {[%emt 0:00:24]} hxg3 {[%emt 0:00:18]} 36. hxg3 {[%emt 0:00:29]} Rd5 {[%emt 0:00:17]} 37. Rb6 {[%emt 0:00:28]} Be2 {[%emt 0:00:06]} 38. a6 {[%emt 0:00:48]} Bf3 {[%emt 0:00:07]} 39. Rb3 {[%emt 0:00:11]} 1-0

[Event "UKR-ch Men Final 2018"]
[Site "Kiev"]
[Date "2018.12.17"]
[Round "6"]
[White "Baklan, Vladimir"]
[Black "Kravtsiv, Martyn"]
[Result "1/2-1/2"]
[WhiteElo "2608"]
[BlackElo "2644"]
[Annotator "TA"]
[PlyCount "37"]
[EventDate "2018.12.11"]
[EventType "tourn"]
[EventCountry "UKR"]
[SourceTitle "playchess.com"]
[Source "ChessBase"]
[SourceQuality "1"]

{[%evp 19,37,14,12,0,0,0,6,-2,0,0,0,0,0,0,18,0,0,0,0,0]} 1. e4 e5 2. Nf3 Nc6 3. Bc4 Nf6 4. d3 Bc5 5. O-O O-O 6. h3 h6 7. Re1 d6 8. c3 {[%cal Bc2c3,Bc3d4][%mdl 32]} a5 {C54: Giuoco Piano: 4 c3 Nf6, main lines with 5 d4 and 5 d3} 9. Nbd2 Be6 10. Bb5 Qb8 {LiveBook: 30 Games. The position is equal.} 11. Bxc6 (11. Nf1 Qa7 12. Be3 Bxe3 13. Nxe3 Ne7 14. Ba4 Ng6 15. Bc2 {½-½ (27) Dominguez Perez,L (2739)-Nakamura,H (2777) Saint Louis 2018}) 11... bxc6 12. d4 exd4 13. cxd4 Bb6 {[#]} 14. Nf1 $146 ({Predecessor:} 14. b3 d5 15. e5 {1-0 (38) Stevic,H (2579)-Deac,B (2594) Batumi 2018}) 14... d5 15. e5 Ne4 16. Be3 a4 17. Qc1 Qe8 18. Ng3 Nxg3 19. fxg3 1/2-1/2

[Event "UKR-ch Men Final 2018"]
[Site "Kiev"]
[Date "2018.12.17"]
[Round "6"]
[White "Bernadskiy, Vitaliy"]
[Black "Ponomariov, Ruslan"]
[Result "0-1"]
[WhiteElo "2547"]
[BlackElo "2663"]
[Annotator "TA"]
[PlyCount "68"]
[EventDate "2018.12.11"]
[EventType "tourn"]
[EventCountry "UKR"]
[SourceTitle "playchess.com"]
[Source "ChessBase"]
[SourceQuality "1"]

{[%evp 24,68,17,21,36,37,39,34,33,-31,-29,-78,-91,-97,-65,-78,-75,-115,-106,-167,-150,-176,-177,-189,-143,-129,-123,-123,-122,-122,-124,-118,-115,-123,-128,-200,-155,-453,-454,-470,-441,-461,-459,-593,-557,-29987,-29988]} 1. e4 e5 2. Nf3 Nc6 3. Bb5 {[%cal Bf1b5,Bb5a4,Ba4b3,Bb3c4][%mdl 32]} a6 4. Ba4 Nf6 5. O-O Be7 6. Re1 b5 7. Bb3 d6 8. c3 O-O 9. a4 b4 10. a5 Rb8 11. Bc4 Bb7 12. d4 {C90: Closed Ruy Lopez with 7...d6: Early deviations} bxc3 13. Nxc3 {LiveBook: 4 Games} exd4 14. Nxd4 {White is slightly better.} Ne5 {[#]} 15. Bf1 $146 ({Predecessor:} 15. Bb3 c5 16. Nf5 c4 17. Bc2 Bc8 18. Ne3 Rb4 19. Ned5 Nxd5 20. Nxd5 {1-0 (32) Palac,M (2610)-Dervishi,E (2496) Jesolo 1999}) 15... Re8 16. f4 (16. Bg5 $14) 16... Ned7 $15 17. g3 Bf8 18. Bg2 g6 19. Nb3 Ba8 20. Bd2 c5 21. Bc1 (21. Nc1 $17 {might work better.}) 21... Qc7 22. Nd2 {[#]} c4 $1 23. Re2 Nc5 24. Nxc4 Ncxe4 25. Nxe4 Bxe4 ({Don't play} 25... Nxe4 $6 26. Nb6 $11) 26. Bxe4 Rxe4 ({But not} 26... Nxe4 $6 27. Nb6 $11) 27. Rxe4 Nxe4 28. Ne3 Rb5 29. Ra4 (29. Qc2 $17 {was worth a try.} Qxc2 30. Nxc2) 29... d5 {[%cal Bd6d5,Bd5e4,Be4e3][%mdl 32] Strongly threatening ...Bc5.} 30. Kg2 $2 {[#]} (30. Rd4 $17) 30... Qc6 $19 31. Rd4 Bg7 32. Rxe4 dxe4 33. Qd8+ Bf8 34. Ng4 {and the idea Nf6+ leaves White hopeful.} e3+ {Accuracy: White = 36%, Black = 81%.} 0-1

[Event "UKR-ch Men Final 2018"]
[Site "Kiev"]
[Date "2018.12.17"]
[Round "6"]
[White "Bogdanovich, Stanislav"]
[Black "Korobov, Anton"]
[Result "1/2-1/2"]
[WhiteElo "2537"]
[BlackElo "2698"]
[Annotator "TA"]
[PlyCount "80"]
[EventDate "2018.12.11"]
[EventType "tourn"]
[EventCountry "UKR"]
[SourceTitle "playchess.com"]
[Source "ChessBase"]
[SourceQuality "1"]

{[%evp 22,80,41,17,20,18,47,40,31,32,48,45,41,45,41,-13,-8,-23,0,0,0,0,0,0,0,0,0,0,17,15,21,17,14,17,37,0,8,0,0,0,0,0,0,0,0,0,0,0,0,0,8,0,71,54,95,0,0,10,0,0,0]} 1. e4 e5 2. Nf3 Nc6 3. Bb5 a6 4. Ba4 Nf6 5. O-O Be7 6. d3 b5 7. Bb3 d6 8. a4 Bg4 9. c3 O-O 10. h3 {C84: Closed Ruy Lopez: Unusual White 6th moves} Bh5 11. Nbd2 {[%cal Bb1d2,Bd2c4,Bc4e3,Be3f5][%mdl 32]} b4 12. a5 {LiveBook: 3 Games. White is slightly better.} bxc3 13. bxc3 Qc8 $146 ({Predecessor:} 13... d5 14. Qe2 d4 15. Ba4 Nxa5 16. cxd4 exd4 17. g4 Nxg4 18. hxg4 Bxg4 19. Rb1 Qd6 20. Re1 {½-½ (20) Grigoriants,S (2561)-Daulyte,D (2223) Cappelle-la-Grande 2012}) 14. Nc4 Rb8 {[#] Threatens to win with ...Bxf3.} 15. Ba4 Nd8 16. Ne3 {Black must now prevent Nf5.} c5 17. Nf5 Qc7 18. Bb3 (18. Re1 $14) 18... Bxf3 $1 $11 19. gxf3 g6 20. Nxe7+ Qxe7 21. f4 Ne6 22. fxe5 dxe5 23. Bc4 Qd6 24. Bh6 Rfd8 25. Qf3 Nh5 $1 26. Rfb1 Nhf4 27. Kh2 Qc6 28. h4 {[%cal Bh3h4,Bh4h5][%mdl 32]} Qd6 29. h5 Qe7 30. Qg4 Qf6 {[#] Strongly threatening ...g5.} 31. Bxe6 ({Don't blunder} 31. Bxa6 $2 g5 $19) 31... Nxe6 32. Be3 $1 Ra8 33. Rd1 Rd6 34. Rab1 Rad8 35. Rb6 Kg7 36. Kg1 R8d7 (36... Kg8 $11 {remains equal.}) 37. Rdb1 g5 38. Rxd6 ({White should play} 38. Qf5 $16 h6 39. c4) 38... Rxd6 {The position is equal.} 39. Rb6 Rxd3 40. Rxa6 Rxc3 {Accuracy: White = 59%, Black = 52%.} 1/2-1/2

[Event "UKR-ch Men Final 2018"]
[Site "Kiev"]
[Date "2018.12.18"]
[Round "7"]
[White "Ponomariov, Ruslan"]
[Black "Bogdanovich, Stanislav"]
[Result "1-0"]
[WhiteElo "2663"]
[BlackElo "2537"]
[Annotator "TA"]
[PlyCount "51"]
[EventDate "2018.12.11"]
[EventType "tourn"]
[EventCountry "UKR"]
[SourceTitle "playchess.com"]
[Source "ChessBase"]
[SourceQuality "1"]

{[%evp 10,51,57,18,39,25,51,60,81,71,87,83,107,99,85,78,71,70,64,70,99,77,64,72,55,53,88,0,87,10,56,47,49,55,57,54,52,19,428,172,153,147,354,305]} 1. e4 {[%cal Be2e4,Be4e5][%mdl 32]} c5 2. Nf3 Nf6 3. e5 Nd5 4. Nc3 Nxc3 5. dxc3 Nc6 6. Bd3 {LiveBook: 7 Games. B29: Sicilian: 2 Nf3 Nf6 (Nimzowitsch Variation)} (6. Bc4 e6 7. Bf4 Qb6 8. Nd2 Qxb2 9. Ne4 Qb6 10. Qg4 Na5 11. Be2 Qb2 12. O-O Qxc2 13. Qf3 Qa4 14. Rab1 a6 15. Rfd1 {1-0 (27) Amin,B (2693)-Gordievsky,D (2622) Wijk aan Zee 2018}) 6... d6 7. exd6 Qxd6 8. Be3 {White is slightly better.} Bg4 $146 ({Predecessor:} 8... g6 9. Qe2 e5 10. O-O-O Qe7 11. Ng5 Be6 12. Bb5 f5 13. f4 Bg8 14. Rhe1 e4 {1-0 (47) Lee,P-Rabassa,L Sinaia 1965}) 9. h3 Bh5 10. Qe2 e6 11. O-O-O Qc7 12. g4 Bg6 13. Bxg6 hxg6 14. Qc4 Qa5 15. Ng5 Be7 16. Nxe6 $40 {[%mdl 128] White has strong attack.} fxe6 17. Qxe6 {[#] aiming for Rd7.} Kf8 18. a3 (18. Rd7 $16 Rd8 19. Rhd1 (19. Rxb7 Rd6 $14) 19... Rxd7 20. Rxd7) 18... Re8 (18... Nd8 $11 19. Qxg6 Qb6 20. Qf5+ Qf6) 19. Rd5 (19. Rd7 $6 Qb6 $14) ({Better is} 19. Qxg6 $16 {Hoping for Rd5.} c4 20. Rd7) 19... Rd8 20. Rhd1 $1 Rxh3 21. Qxg6 Rxd5 22. Rxd5 Qc7 23. Qf5+ {[%mdl 1024] White has compensation.} ({Don't play} 23. Rf5+ Bf6 $15) (23. Qe6 $5 {[%cal Rd5f5]} Rf3 24. Rh5 $14) 23... Ke8 $2 {[%mdl 8192]} (23... Bf6 $1 $11 {and Black stays safe.}) 24. g5 (24. Bf4 $142 Ne5 25. Bxe5) 24... Rh1+ $18 25. Kd2 {[#] Black must now prevent Qg6+.} Bf8 $2 (25... Nd8 $16) 26. Qe4+ {Accuracy: White = 31%, Black = 25%.} 1-0

[Event "UKR-ch Men Final 2018"]
[Site "Kiev"]
[Date "2018.12.18"]
[Round "7"]
[White "Kravtsiv, Martyn"]
[Black "Bernadskiy, Vitaliy"]
[Result "1/2-1/2"]
[WhiteElo "2644"]
[BlackElo "2547"]
[Annotator "TA"]
[PlyCount "59"]
[EventDate "2018.12.11"]
[EventType "tourn"]
[EventCountry "UKR"]
[SourceTitle "playchess.com"]
[Source "ChessBase"]
[SourceQuality "1"]

{[%evp 17,59,47,82,51,44,41,119,79,77,63,77,74,89,86,88,78,82,79,79,85,83,86,80,79,84,99,90,94,85,91,100,42,42,42,42,42,42,42,42,35,35,35,35,35]} 1. e4 c6 2. d4 d5 3. e5 Bf5 4. Nf3 e6 5. Be2 Ne7 6. O-O h6 7. a4 {B12: Caro-Kann: Advance Variation} (7. Nbd2 Nd7 8. Nb3 g5 9. Ne1 Qc7 10. f4 c5 11. Nxc5 Nxc5 12. dxc5 Qxc5+ 13. Kh1 d4 14. Nd3 Qc7 15. fxg5 {0-1 (32) Shirov,A (2636)-Nakamura,H (2763) Douglas 2018}) 7... Nd7 8. a5 a6 9. b4 Bh7 {LiveBook: 4 Games} 10. Nc3 $146 ({Predecessor:} 10. c3 Ng6 11. Bd3 Be7 12. Qc2 O-O 13. Nbd2 Re8 14. Nb3 Ngf8 {1-0 (50) Bartel,M (2649)-Lalith,B (2565) Warsaw 2016}) 10... Ng6 11. Rb1 f6 ({Better is} 11... Be7 $14) 12. Na4 Be7 13. Bd3 O-O {[%cal Rf6e5]} 14. exf6 Bxf6 15. Re1 Re8 16. Nc5 Nxc5 17. bxc5 Qc7 18. h3 Re7 19. Bd2 Rf8 20. Rb3 Nh4 {With the idea ...Bxd3.} 21. Bxh7+ Kxh7 {[#]} 22. Nxh4 $1 Bxh4 23. g3 Ref7 {[#]} 24. f4 (24. Re2 $1 $16 Bd8 25. Bf4) 24... Bf6 $14 {White is slightly better.} 25. Rd3 ({But not} 25. Rxe6 Bxd4+ 26. Be3 Bxe3+ 27. Rexe3 Qxa5 $15) 25... Re7 26. Qg4 Qd7 27. h4 Qe8 28. Kg2 h5 29. Qh3 Qg6 30. Re2 {Accuracy: White = 64%, Black = 82%.} 1/2-1/2

[Event "UKR-ch Men Final 2018"]
[Site "Kiev"]
[Date "2018.12.18"]
[Round "7"]
[White "Moiseenko, Alexander"]
[Black "Baklan, Vladimir"]
[Result "0-1"]
[WhiteElo "2640"]
[BlackElo "2608"]
[Annotator "RC"]
[PlyCount "78"]
[EventDate "2018.12.11"]
[EventType "tourn"]
[EventCountry "UKR"]
[SourceTitle "playchess.com"]
[Source "ChessBase"]
[SourceQuality "1"]
[TimeControl "40/5400+30:1800+30"]

1. d4 {[%emt 0:00:00]} Nf6 {[%emt 0:00:00]} 2. c4 {[%emt 0:00:00]} e6 {[%emt 0:00:00]} 3. Nf3 {[%emt 0:00:00]} b6 {[%emt 0:00:00]} 4. a3 {[%emt 0:00:39]} Bb7 {[%emt 0:00:00]} 5. Nc3 {[%emt 0:00:15]} d5 {[%emt 0:00:00]} 6. cxd5 {[%emt 0:01:13]} Nxd5 {[%emt 0:00:00]} 7. e3 {[%emt 0:02:16]} Nxc3 {[%emt 0:05:40]} 8. bxc3 {[%emt 0:00:39]} Bd6 {[%emt 0:00:02]} 9. Bd3 {[%emt 0:02:27]} c5 {[%emt 0:00:24]} 10. e4 {[%emt 0:02:36]} cxd4 {[%emt 0:05:11]} 11. cxd4 {[%emt 0:00:13]} O-O {[%emt 0:02:53]} 12. e5 {[%emt 0:08:16]} Be7 {[%emt 0:00:10]} 13. h4 {[%emt 0:00:10]} Bxf3 {[%emt 0:28:55]} 14. gxf3 {[%emt 0:31:25]} Nc6 {[%emt 0:01:28]} 15. Be3 {[%emt 0:00:56]} f5 {[%emt 0:07:25]} 16. exf6 {[%emt 0:08:00]} Bxf6 {[%emt 0:00:40]} 17. Bxh7+ {[%emt 0:00:42]} Kxh7 {[%emt 0:04:12]} 18. Qc2+ {[%emt 0:00:10]} Kh8 {[%emt 0:05:03]} 19. Qxc6 {[%emt 0:00:08]} Bxd4 {[%emt 0:00:09]} 20. Rd1 {[%emt 0:01:41]} e5 {[%emt 0:00:12]} 21. Qe4 {[%emt 0:07:17]} Qf6 {[%emt 0:04:15]} 22. Ke2 {[%emt 0:01:15]} Rac8 {[%emt 0:04:18]} 23. Rhg1 {[%emt 0:04:05]} Rc4 {[%emt 0:05:05]} 24. f4 {[%emt 0:08:32]} Qf7 {[%emt 0:01:45]} 25. Qg6 {[%emt 0:17:11]} Bxe3 {[%emt 0:04:32]} 26. fxe3 {[%emt 0:00:37]} exf4 {[%emt 0:01:11]} 27. Rd8 {[%emt 0:01:48]} Rc2+ {[%emt 0:05:30]} 28. Ke1 {[%emt 0:00:24]} Rc1+ {[%emt 0:00:58]} 29. Rd1 {[%emt 0:00:49]} Rxd1+ {[%emt 0:02:03]} 30. Kxd1 {[%emt 0:00:01]} Rd8+ {[%emt 0:05:10]} 31. Ke1 {[%emt 0:00:11]} Qxg6 {[%emt 0:00:04]} 32. Rxg6 {[%emt 0:00:05]} Re8 {[%emt 0:00:01]} 33. Kf2 {[%emt 0:01:08]} Rxe3 {[%emt 0:00:42]} 34. Rg4 {[%emt 0:00:12]} Rxa3 {[%emt 0:00:34]} 35. Rxf4 {[%emt 0:00:03]} a5 {[%emt 0:00:11]} 36. h5 {[%emt 0:00:10]} Kh7 {[%emt 0:00:19]} 37. Rg4 {[%emt 0:00:07]} Rb3 {[%emt 0:01:15]} 38. Ke2 {[%emt 0:00:13]} Rb5 {[%emt 0:00:27]} 39. Rg6 {[%emt 0:00:04]} a4 {[%emt 0:00:18]} 0-1

[Event "UKR-ch Men Final 2018"]
[Site "Kiev"]
[Date "2018.12.18"]
[Round "7"]
[White "Kovchan, Alexander"]
[Black "Kuzubov, Yuriy"]
[Result "1/2-1/2"]
[WhiteElo "2575"]
[BlackElo "2655"]
[Annotator "TA"]
[PlyCount "111"]
[EventDate "2018.12.11"]
[EventType "tourn"]
[EventCountry "UKR"]
[SourceTitle "playchess.com"]
[Source "ChessBase"]
[SourceQuality "1"]

{[%evp 26,111,44,31,61,30,32,31,46,24,32,-47,-20,-16,-28,-85,-81,-120,-121,-116,-119,-129,-131,-117,-115,-131,-129,-125,-129,-117,-126,-127,-118,-120,-121,-129,-116,-110,-47,-30,-43,-27,-33,-103,-103,-97,-97,-97,-97,-297,-307,-389,-14,-15,0,0,0,0,0,0,0,0,0,0,0,0,0,0,0,0,0,-8,-12,-12,-12,-8,0,0,0,0,0,0,0,0,0,0,0,0]} 1. Nf3 d5 2. g3 g6 3. d4 Nf6 4. Bg2 Bg7 5. O-O O-O 6. c4 Nc6 7. cxd5 Nxd5 8. e4 Nb6 9. d5 Na5 10. Nc3 c6 11. Bf4 Bg4 12. h3 Bxf3 13. Qxf3 cxd5 14. exd5 {LiveBook: 4 Games} Rc8 {D76: Fianchetto Grünfeld: Main Line with 7...Nb6} 15. Rac1 Nac4 16. b3 (16. Qe2 Nd6 17. Be5 Bxe5 18. Qxe5 Re8 19. h4 Nd7 20. Qe2 Nf6 21. Rc2 Qa5 22. Rfc1 {½-½ (107) Fressinet,L (2651)-Le Roux,J (2557) Orsay 2018}) 16... Nd6 $1 {[%cal Bc4d6,Bd6f5,Bf5d4,Bd4e2][%mdl 32] White is slightly better.} 17. Ne4 Nf5 $146 ({Predecessor:} 17... Nxe4 18. Qxe4 Rxc1 19. Rxc1 Nc8 20. Qc4 Nd6 21. Qc7 Bd4 22. Bg5 {1-0 (44) Lesiege,A (2500)-Lopez,C (2400) Cienfuegos 1997}) 18. Nc5 (18. Rxc8 $14 Nxc8 19. Rc1) 18... Nd4 $15 19. Qe4 Qxd5 $1 (19... f5 $6 20. Qe1 $16) 20. Qxd5 (20. Qxe7 $11 {was the only way to keep the balance.} Qf5 21. Rfe1 (21. Nxb7 Nd5 $11) (21. Bxb7 $2 Rce8 $19)) 20... Ne2+ $17 21. Kh2 Nxd5 22. Bxd5 Nxc1 23. Rxc1 Bb2 $1 {[%cal Rb2c1]} 24. Rc4 b5 {[%mdl 1024] Black has strong compensation.} 25. Rc2 {Threatens to win with Bb7.} Ba3 $1 26. Be3 Rc7 $1 27. b4 Bxb4 28. Na6 Rxc2 29. Nxb4 Rc7 30. Bc6 a6 $1 31. Nd5 Rfc8 (31... Rxc6 $17 32. Nxe7+ {[%mdl 64] Double Attack} Kg7 33. Nxc6 Rc8) 32. Nxc7 $15 Rxc7 33. Be4 a5 34. Kg2 (34. Bb6 $1 $15 Rd7 35. Bxa5) 34... a4 $1 $17 35. Bf4 Rc8 36. Kf3 {[#]} b4 $1 {[%cal Rb4b3] Strongly threatening ...b3.} 37. Ke3 $2 (37. Be5 $17 {is a better defense.}) 37... b3 $19 38. axb3 axb3 $2 ({Black should play} 38... a3 $19 39. Kd2 {[#]} e5 $1 {[%mdl 512]} 40. Bxe5 Re8) 39. Be5 $11 {The position is equal.} Rc1 40. Kd2 Rf1 41. Ke2 Rc1 42. Bb2 Rc8 43. Kd2 g5 44. g4 h6 45. Bd3 Kf8 46. Bc3 f6 47. Be2 Kf7 48. Bd1 Rd8+ 49. Ke2 $1 Rb8 {And now ...b2 would win.} 50. Bb2 e6 51. Kd2 Rd8+ 52. Kc1 Rd3 53. f3 $1 {[#]} h5 $1 {[%mdl 512]} 54. Be2 (54. gxh5 Rd8) 54... Rd8 55. Bc3 Rh8 56. Bd1 {Accuracy: White = 69%, Black = 70%.} 1/2-1/2

[Event "UKR-ch Men Final 2018"]
[Site "Kiev"]
[Date "2018.12.19"]
[Round "8"]
[White "Kuzubov, Yuriy"]
[Black "Korobov, Anton"]
[Result "0-1"]
[WhiteElo "2655"]
[BlackElo "2698"]
[Annotator "TA"]
[PlyCount "102"]
[EventDate "2018.12.11"]
[EventType "tourn"]
[EventCountry "UKR"]
[SourceTitle "playchess.com"]
[Source "ChessBase"]
[SourceQuality "1"]

{[%evp 12,102,0,13,13,13,20,25,15,8,40,41,45,48,46,20,16,20,25,25,40,28,31,15,13,12,23,8,48,7,20,8,60,66,64,52,119,119,147,118,116,123,133,132,135,139,137,146,133,87,101,96,125,91,137,127,200,165,170,-8,0,-61,90,85,160,206,156,-566,-568,-530,-128,-538,-512,-1022,-1023,-970,-997,-935,-943,-1261,-1214,-1791,-1275,-1333,-907,-1194,-1159,-1581,-1491,-1465,-1441,-12827,-6804]} 1. d4 d5 2. c4 c6 3. e3 Nf6 4. Nc3 e6 5. Bd3 Nbd7 6. a3 {D31: Queen's Gambit Declined: Semi-Slav without ...Nf6 (+ Marshall Gambit and Noteboom) and Exchange Variation lines without ...Nf6} (6. b3 Bb4 7. Bd2 O-O 8. f4 dxc4 9. bxc4 Nc5 10. Bc2 Bxc3 11. Bxc3 Nce4 12. Ne2 b5 13. Bb4 Re8 {0-1 (49) Riazantsev,A (2671)-Najer,E (2679) Doha 2016}) 6... Bd6 7. c5 {LiveBook: 3 Games} Bc7 8. f4 $1 {The position is equal.} b6 9. b4 {[%cal Bb2b4,Bb4c5][%mdl 32]} a5 {White must now prevent ...axb4.} 10. Bd2 bxc5 $146 ({Predecessor:} 10... Ba6 11. Bc2 Bc4 12. Nf3 O-O 13. h3 axb4 14. axb4 Rxa1 15. Qxa1 bxc5 16. bxc5 {1-0 (41) Kosic,D (2516)-Raicevic,M (2359) Herceg Novi 2008}) 11. bxc5 Ba6 12. Bxa6 Rxa6 13. Nge2 O-O 14. O-O Kh8 15. Rb1 Qc8 16. Qc2 Ng8 17. h3 Ne7 18. g4 Ra7 19. Kg2 f6 20. Be1 e5 21. Bg3 exd4 (21... Rb7 $11) 22. Nxd4 $14 Re8 23. Na4 $36 {[%mdl 2048] White has some pressure.} Nf8 (23... Rb7 $14) 24. Nb6 Qa6 25. Rb2 Rb7 26. Rfb1 Reb8 27. f5 Bxg3 28. Kxg3 Re8 29. Kg2 h6 30. h4 Rc7 31. Qe2 Qa7 32. Qf3 Ng8 33. Qg3 Re5 (33... g6 $16 34. Qd6 Rg7) 34. Kf2 Qa6 35. g5 $2 ({Better is} 35. Rb3 $18) 35... Qd3 $11 36. Re1 (36. Rb3 $11 Qe4 37. Kg1) 36... Rce7 $2 (36... Qxa3 $15 {stays ahead.} 37. Rc2 Nh7) 37. Rb3 (37. Nxc6 Rxf5+ 38. Kg1 Re4 $17) 37... Qd2+ {[#]} ({Black should try} 37... Qa6) 38. Re2 $1 $16 {[%cal Re2d2]} Qc1 {[#]} 39. Rc2 $2 {[#]} (39. Nc8 $1 $16 {[%cal Rc8e7] is forced if you want to stay better.} Rc7 40. Nf3) 39... Rxf5+ $1 $19 {[%mdl 512]} 40. Kg2 (40. Nxf5 Qxc2+) 40... Qf1+ ({Weaker is} 40... Qd1 41. Rcb2 $17) 41. Kh2 Qd1 {Black is clearly winning.} 42. Rf2 (42. Qg2 $142 Rf1 43. Qe2 Rh1+ 44. Kg3 Qg1+ 45. Qg2 Rxe3+ 46. Rxe3 Qxe3+ {[%mdl 64] Double Attack} 47. Nf3) 42... Rxf2+ 43. Qxf2 Re4 44. Rb2 hxg5 45. Nf3 Nh6 {Threatens to win with ...Ng4+.} 46. Qe2 Qc1 47. hxg5 fxg5 48. Rc2 Qxa3 49. Nxg5 Rh4+ 50. Nh3 Ne6 51. Kg2 {[#]} Rxh3 $1 {Accuracy: White = 40%, Black = 64%.} 0-1

[Event "UKR-ch Men Final 2018"]
[Site "Kiev"]
[Date "2018.12.19"]
[Round "8"]
[White "Moiseenko, Alexander"]
[Black "Kovchan, Alexander"]
[Result "1/2-1/2"]
[WhiteElo "2640"]
[BlackElo "2575"]
[Annotator "TA"]
[PlyCount "118"]
[EventDate "2018.12.11"]
[EventType "tourn"]
[EventCountry "UKR"]
[SourceTitle "playchess.com"]
[Source "ChessBase"]
[SourceQuality "1"]

{[%evp 19,118,21,33,20,31,0,29,8,16,16,31,18,18,15,34,0,47,0,0,-1,0,-9,-9,-9,-9,-8,22,29,57,71,75,74,72,72,72,64,72,34,49,31,63,42,41,33,34,37,96,33,32,18,29,16,16,16,16,16,16,16,26,16,16,16,16,8,8,8,8,8,8,0,8,8,8,8,8,8,8,8,8,8,8,8,8,0,0,0,0,0,0,0,0,0,0,0,0,0,0,0,0,0,0]} 1. d4 Nf6 2. c4 e6 3. Nf3 a6 4. Nc3 d5 5. cxd5 exd5 6. Bg5 {D37: Queen's Gambit Declined: 5 Bf4} Be6 7. e3 Nbd7 8. Bd3 h6 9. Bf4 g5 10. Bg3 Nh5 {LiveBook: 66 Games} 11. Be5 (11. Qb3 Nxg3 12. hxg3 {½-½ (48) Karjakin,S (2773)-Caruana,F (2822) Saint Louis 2018}) 11... Ng7 12. Bg3 Nh5 $1 13. O-O Nxg3 14. hxg3 $146 ({Predecessor:} 14. fxg3 Qe7 15. Qc2 Bg7 {0-1 (55) Ahlander,B (2407)-Thorfinnsson,B (2430) Reykjavik 2017}) 14... c6 15. Qc2 Bg7 16. b4 O-O 17. Bf5 Qc8 18. Na4 Bxf5 19. Qxf5 b5 20. Nc5 Nxc5 21. Qxc8 Raxc8 22. bxc5 f5 23. a4 $1 Rce8 24. axb5 axb5 25. Ra6 Re6 26. Rb1 Rfe8 27. Kf1 Bf6 28. Rba1 h5 29. Rb6 {Raa6 is the strong threat.} Kf7 30. Raa6 g4 31. Ne1 {Black must now prevent Nd3.} Bxd4 $1 32. Nd3 Be5 {[#]} (32... Bg7 $14) 33. Rxc6 ({Better is} 33. Nb4 $1 $16) 33... Rxc6 $14 34. Rxc6 d4 35. Nxe5+ Rxe5 36. exd4 $11 {[%mdl 4096] Endgame KR-KR} Rd5 $1 37. Rb6 Rxd4 38. Rxb5 Ke6 39. Ke2 Rc4 {The position is equal.} 40. Kd3 Rc1 41. Kd4 Rd1+ 42. Ke3 Rc1 43. Kf4 Rc2 44. Ke3 Rc1 45. Rb6+ Ke5 46. c6 Rc3+ 47. Kd2 Rc5 48. Kd3 Kd5 49. f3 gxf3 50. gxf3 f4 51. gxf4 (51. c7 {looks sharper.} Rxc7 52. Rh6 fxg3 53. Rxh5+ Ke6 54. Rg5) 51... Rxc6 52. Rb5+ (52. Rxc6 {feels hotter.} Kxc6 53. f5 h4 54. f6 Kd6 55. f7) 52... Rc5 $1 {[%cal Rc5b5]} 53. Rxc5+ (53. Rb4 {seems wilder.} Rc8 54. Ke3 Rh8 55. Rb5+ Kd6 56. Kf2) 53... Kxc5 {KPP-KP} 54. Ke3 Kd5 55. Kf2 Ke6 56. Kg2 Kf5 57. Kg3 h4+ 58. Kxh4 {[#] White threatens Kg3 and mate.} Kxf4 59. Kh3 Kxf3 {Accuracy: White = 44%, Black = 69%.} 1/2-1/2